<?xml version="1.0" encoding="UTF-8"?>
<collection xmlns="http://www.loc.gov/MARC21/slim">
  <record>
    <leader>00000nam  2200000   4500</leader>
    <controlfield tag="001">INLIS000000000017172</controlfield>
    <controlfield tag="005">20240613115536</controlfield>
    <datafield tag="035" ind1="#" ind2="#">
      <subfield code="a">0010-0624000075</subfield>
    </datafield>
    <controlfield tag="007">ta</controlfield>
    <controlfield tag="008">240613################|##########|#|##</controlfield>
    <datafield tag="084" ind1="#" ind2="#">
      <subfield code="a">R 037 PIM I 2023</subfield>
    </datafield>
    <datafield tag="100" ind1=" " ind2="#">
      <subfield code="a">Albert Raden Deddy Sulistyo Nugroho</subfield>
    </datafield>
    <datafield tag="245" ind1="1" ind2="#">
      <subfield code="a">Kolaborasi “War On Drugs” Mendorong Akselerasi Pemberantasan Peredaran Gelap Narkotika dan NPS (New Psychoactive Substances) Menuju Indonesia Bersinar /</subfield>
      <subfield code="c">Albert Raden Deddy Sulistyo Nugroho</subfield>
    </datafield>
    <datafield tag="260" ind1="#" ind2="#">
      <subfield code="a">Jakarta :</subfield>
      <subfield code="b">Pusbangkom Pimnas dan Manajerial ASN,</subfield>
      <subfield code="c">2023</subfield>
    </datafield>
    <datafield tag="300" ind1="#" ind2="#">
      <subfield code="a">61 halaman ;</subfield>
      <subfield code="c">30 cm</subfield>
    </datafield>
    <datafield tag="650" ind1="#" ind2="4">
      <subfield code="a">Pemberantasan Narkotika</subfield>
    </datafield>
    <datafield tag="650" ind1="#" ind2="4">
      <subfield code="a">War On Drugs</subfield>
    </datafield>
    <datafield tag="520" ind1="#" ind2="#">
      <subfield code="a">Pelaksanaan proyek perubahan ini telah berhasil mencapai berbegai output strategis dalam rangka membangun dan melaksanakan mekanisme kolaborasi War on Drugs untuk mendiring akselerasi pemeberantasan narkotika dan NPS. 1) implementasi operasi bersama oleh Satgas BNN-Polri-DJBC dengan melibatkan kolaborasi internasional dengan atase Kepolisian di negara yang dilakui oleh narkotika dan NPS, yaitu Belanda, Filipina, Malaysia dan Singapura yang mampu menangkap pelaku peredaran narkotika dan NPS. 2) telah mencapai komitmen bersama pimpiunan BNN dengan Polri, DJBC, dan perusahaan telekomunikasi sehingga menjadi daya dorong pelaksanaan joint operation di level teknis, 3) telah melaksanakan peningkanan kapasitas SDM, pembentukan Satgas dan sosialisasi kepada masyarakat sehingga pegawai di level teknis memiliki pedoman yang jelas dalam melaksanakan operasi bersama, 4) telah memperoleh komitmen dukungan penuh pimpinan stakeholders internal BNN dan pimpinan stakeholders eksternal</subfield>
    </datafield>
    <datafield tag="856" ind1="#" ind2="#">
      <subfield code="a">Perpustakaan LAN Pusat</subfield>
    </datafield>
    <datafield tag="990" ind1="#" ind2="#">
      <subfield code="a">24.06.037</subfield>
    </datafield>
  </record>
</collection>
